00735nam a2200241 a 4500001001300000003000900013005001700022008004100039020002300080082001500103100002200118245005000140260004500190300000900235500003500244505002300279650002100302700002200323902000800345942000700353952011600360999001700476nice12345678IN_TiNIC20260116014004.0050524s1991 dela grp 000 0 eng  a0706925 c39500a954.1bGOP aGopalakrishnan, R aNorth-East Indiab Land, Economy, and People. aDelhi bVikas Pub House Pvt. Ltd. c1991 a257p aincludes index and biblioraphy2 aSelected Reference aIndia-North East1 aGopalakrishnan, R bSRS cBK 001040708StackRoom-aHMIbHMId2008-04-30g395.00l0o954.1 GOPp019655r2008-04-30v395.00w2005-05-24yBK c13388d13388